Statistiken für Bekannte Straßen und Plätze in Berlin

Klicken Sie hier um das Quiz zu spielen!

Allgemein

  • Dieses Quiz wurde 261 mal gespielt
    (232 seit der letzten Aktualisierung)
  • Das Durchschnittsergebnis liegt bei 8 aus 17

Antwortstatistiken

HinweisStraße oder Platz% Korrekt
Diese Prachtallee wurde nach einer Baumart benannt.Unter den Linden
83%
Bekannte Einkaufsstraße an deren Ende eine zerbombte Kirche steht.
Kurfürstendamm
80%
Verkehrsknotenpunkt in Tiergarten, auf dem die erste Ampel Deutschlands stand.Potsdamer Platz
70%
Diese Straße wurde nach dem Volksaufstand in der DDR benannt.Straße des 17. Juni
69%
Benannt nach einem Zaren liegt dieser große Platz im ehemaligen Ost-Berlin.Alexanderplatz
68%
Namensgebend für diese Straße ist ein großes rotes Gebäude.Rathausstraße
56%
Von diesem Platz aus sieht man die Vorderseite des Brandenburger Tors.Pariser Platz
52%
An dieser Straße lag einst der Checkpoint Charlie.Friedrichstraße
47%
Diese Autobahn ist die am meisten befahrenste Deutschlands.Bundesautobahn 100
45%
Kreisverkehr, in dessen Mitte die Siegessäule steht.Großer Stern
43%
Auf diesem Platz steht die Kaiser-Wilhelm-Gedächtniskirche.Breitscheidplatz
37%
Zwischen zwei spiegelbildlichen Domen liegt dieser schönste Platz Berlins.Gendarmenmarkt
36%
Diese Straße ist nach einem Hamburger Medienmogul benannt.Axel-Springer-Straße
27%
Die obige Einkaufstraße geht in diese über, an ihr liegt das KaDeWe.Tauentzienstraße
26%
Hinter dem Brandenburger Tor liegt dieser, nach einem Datum benannte, Platz.Platz des 18. März
14%
Auf diesem Platz, ugs. Opernplatz genannt, steht eine Kathedrale mit Kupfer-Kuppel.Bebelplatz
12%
Dieser Platz beherbergt eine nicht begehbare Brücke und das Polizeipräsidium.Platz der Luftbrücke
11%

Verteilung der Resultate

Perzentil nach korrekt beantworteten Fragen

Anzahl Personen mit jedem Resultat

Ihre Resultats-Entwicklung

Sie haben dieses Quiz seit der letzten Aktualisierung nicht gespielt